Statistics for Флаги стран, существовавших в 1910 году

Click here to take the quiz!

General Stats

  • This quiz has been taken 166 times
  • The average score is 39 of 67

Answer Stats

Answer% Correct
Япония
99%
Россия
99%
Нидерланды
97%
Соединённые Штаты Америки
97%
Бельгия
96%
Швейцария
95%
Франция
95%
Люксембург
94%
Швеция
92%
Дания
92%
Норвегия
92%
Испания
90%
Болгария
90%
Китай
87%
Британская Империя
86%
Чили
84%
Австралия
83%
Германская Империя
82%
Сан-Марино
81%
Рияд
81%
Уругвай
80%
Новая Зеландия
78%
Панама
78%
Либерия
76%
Османская Империя
76%
Австро-Венгрия
76%
Монако
76%
Непал
73%
Сербия
73%
Парагвай
71%
Перу
69%
Колумбия
69%
Бразилия
68%
Аргентина
66%
Румыния
64%
Мексика
64%
Королевство Италия
62%
Венесуэла
62%
Эквадор
59%
Куба
57%
Персия
55%
Афганистан
50%
Канада
48%
Коста-Рика
46%
Гондурас
44%
Боливия
43%
Королевство Греция
43%
Никарагуа
43%
Гаити
41%
Черногория
40%
Португальская Империя
38%
Гватемала
36%
Сальвадор
30%
Доминиканская Респбулика
28%
Лихтенштейн
23%
Сиам
22%
Джохор
20%
Андорра
20%
Эфиопия
17%
Южная Африка
14%
Марокко
11%
Ньюфаундленд
6%
Государство Дервишей
5%
Ха'иль
3%
Мбунда
3%
Асир
3%
Наджран
1%

Score Distribution

Percentile by Number Answered

Percent of People with Each Score

Your Score History

You have not taken this quiz